000
00246nam a2200097Ia 4500
001
789751
005
20250826170424.0
008
250824s9999 xx 000 0 und d
245
0
_a
LEONARDO DA VİNCİ
_c
ANTONİO TELLO
260
_b
JOHANNA A.BAOCCARDO
999
_c
789751
_d
789751